Регионална библиотека "Любен Каравелов" - Русе

В тъмната гора (Запис номер 181992)

MARC детайли
000 -Лидер
Контролно поле с фиксирана дължина 01397nam a2200373 c 4500
003 - Код на организацията, давaща контролен номер
Контролно поле BLK
005 - Дата и час на последна редакция
Контролно поле 20250111113743.0
008 - Елементи от данни с фиксирана дължина
fixed length control field 180411b bul|||||r ||||||| ||bul||
010 ## - Наследен системен номер
LC control number KNG00190915000
020 ## - Международен стандартен номер на книга ISBN
Международен стандартен номер на книга ISBN 978-954-26-1609-2
-- издат.: Хермес
040 ## - Източник на каталожния запис
Идентификатор на билиотеката - собственик на записа BLK
041 ## - Код за език
Код за езика на текст/звукозапис или на отделно заглавие Български
Код за езика КДБФ Български
072 #7 - Код за тематичната категория
Код организация bullib
Код за тематична категория Н83
Текст Чужда художествена литература Н
080 ## - УДК
Текстов определител УДК Английска литература
УДК код - определител по УДК 821.111
УДК определител -312.4
УДК - код + определител 821.111-312.4
100 1# - Редна дума - Автор
Автор Уеър, Рут
Авторска отговорност първи автор
R(LIN) 342785
139 ## - Редно поле
Редна дума Уеър, Рут
Авторски знак Уес - У 30
245 10 - Сведения за заглавието
Заглавие В тъмната гора
Подзаглавни данни Роман
Редно поле (дума) Рут Уеър; прев. от англ. Гриша Александров Атанасов.
257 ## - Страна на издаване
Страна на създаване/издаване Великобритания
260 ## - Област на издателските данни
-- Пловдив
Име на издателя, разпространителя и проч. Хермес
Година на издаване 2016
Печатница София : Алианс принт
300 ## - Физическа характеристика
Страници 303 с.
Размери/Мащаб 20 см
380 ## - Жанр
Жанр Худож. лит.
490 1# - СЕРИИ (Колекции)
Име на серия Мегаселър
500 ## - Общи забележки
Забележка Ориг. загл. In a Dark, Dark Wood / Ruth Ware.
653 ## - Ключова дума – ненормативна
Ключова дума крими
653 ## - Ключова дума – ненормативна
Ключова дума романи
659 ## - Тематичен бюлетин
Тематичен бюлетин Н
700 ## - Други автори (авторска отговорност)
Лично име Атанасов, Гриша Александров
Дати, свързани с автора 1957-
9 (RLIN) 382230
852 ## - Местоположение
Форматна сигнатура Цб 282478
856 4# - Електронен адрес и достъп
Електронен формат pdf - файл
Път до файла /url/
856 4# - Електронен адрес и достъп
Електронен формат pdf - файл
Път до файла /url/
942 ## - АРТИКУЛИ
Вид на библиотечния материал Книги
Скрит в OPAC Не
Koha issues (borrowed), all copies 22
944 ## - СЪЗДАВАНЕ И РЕДАКЦИЯ на ЗАПИСА
Създаване/Редакция Създаване
Дата на регистрацията/редакция 21.09.2016
Статус, дата на статуса Ренета Константинова
Служител, извършил регистрацията/редакцията 30546
944 ## - СЪЗДАВАНЕ И РЕДАКЦИЯ на ЗАПИСА
Създаване/Редакция Редакция
Дата на регистрацията/редакция 15.03.2018
Статус, дата на статуса ф /
Служител, извършил регистрацията/редакцията Виолета_Тройчева
999 ## - СИСТЕМНИ КОНТРОЛНИ НОМЕРА
Koha biblionumber 181992
Koha biblioitemnumber 181992
Наличности
Код за отписване Код за изгубен артикул Източник на класификационната схема Код за повреда Коз за рестрикции Код за отдаване Артикулен № Име на библиотеката - собственик Име на библиотеката, в която се намира в момента Статус (Текущо местоположение) Дата на вписване в системата Местоположение - отдел Цена в лева Инвентарен номер Систематично азбучна сигнатура Баркод Номер на екземпляра Цена в евро Служебна бележка Служебен тип на артикула
  Не е изгубен Universal Decimal Classification Не е повреден без рестрикции заемане за дома 311930 Регионална библиотека "Любен Каравелов" Русе Регионална библиотека "Любен Каравелов" Русе Заемна - подръчен фонд 2016-09-22 Заемна - подръчен фонд 11.21 120000804191 П 820-31/У 30 120000804191 1 5.73 Дост: Pk Вид: Ф N: 715 Дата: 10.09.2016 Дата инв: 16.02.2018 Бележки инв: П2018 Книги
  Не е изгубен   Не е повреден без рестрикции ползва се в читалня 311931 Регионална библиотека "Любен Каравелов" Русе Регионална библиотека "Любен Каравелов" Русе Хранилище 2017-05-15 Хранилище 14.95 120000810879 Цб 282478 120000810879 2 7.64 Дост: Dp Вид: Д N: 14 Дата: 15.03.2017 Книги
Vip Innovations Ltd, Rousse, Bulgaria 2025